Saltar ao contenido
VuFind
Idioma
English
Deutsch
Español
Français
Italiano
日本語
Nederlands
Português
Português (Brasil)
中文(简体)
中文(繁體)
Türkçe
עברית
Gaeilge
Cymraeg
Ελληνικά
Català
Euskara
Русский
Čeština
Suomi
Svenska
polski
Dansk
slovenščina
اللغة العربية
বাংলা
Galego
Tiếng Việt
Hrvatski
हिंदी
Todos os campos
Title
Autor
Subject
Número de Clasificación
ISBN/ISSN
Tag
Buscar
Avanzado
Buscar
Avam
Citar
Enviar este rexistro por email
Imprimir
Exportar rexistro
Exportar a RefWorks
Exportar a EndNoteWeb
Exportar a EndNote
permanent_link
Cargando...
Avam
Detalles Bibliográficos
Formato:
Printed Book
Existencias
Descripción
Títulos similares
Staff View
LEADER
00262 a2200109 4500
020
260
942
|c
BK
|6
_
245
|a
Avam
100
999
|c
66263
|d
66263
952
|0
0
|1
0
|2
udc
|4
0
|6
_
|7
0
|8
FIC
|9
78583
|a
UL
|b
UL
|d
2013-02-11
|e
122
|g
0.00
|p
68997
|r
2013-02-11
|v
0.00
|w
2013-02-11
|y
BK
Títulos similares
Rajnay avam /
por: Santhosh Singh, Bhagel
Publicado: (1969)
Avam Nirala /
por: Pandey, Bhavdev
Publicado: (2004)
Avam Nirala/
por: Bhavdev Pandey
Publicado: (2004)
Avam Nirala
por: Bhavdev Pandey
Publicado: (2004)
Balmanovigyan avam naticshiksha /
por: Gupta, Kamal
Publicado: (2008)
Cargando...